01921nam a2200229Ia 4500999001700000082002000017100001900037245005600056260003900112500051900151650001900670650004300689650003000732942001200762952013100774952013100905952013101036952013101167952013101298952013101429952013101560 c17730d17730 a954.04092 NEN-P aThengadi, D.B. 0aPandit Deendayal Upadhyaya: ideology and perception aNew DelhibSuruchi Prakashanc2014 acontents: 7 Vols. v1. (An inquest a preface by D.B.Thengadi),(240p.),(978-93-81500-76-6) - v.2 (Integral humanism by V.V.Nene),(94p.),(978-93-81500-77-4) - v.3 (Political thought by B.K.Klekar), (149p.),(978-93-81500-78-1) - v.4 (Integral economic policy by Sharad Anant Kulkarni), (147p.),(978-93-81500-79-8) v.5 (Concept of the rashtra by C.P.Bhishikar),(189p.) (978-93-81500-80-4) v.6 (Politics for nation's sake by B.N.Jog),(150p.),(978-93-81500-81-1) v.7 (A profile by V.N.Deodhar),(105p.),(978-93-81500-82-8) aHistoryzIndia aBiographyvUpadhyay Deendayalz1916-68 aJansanghvPolitical party cBK2ddc 00104070aNASSDOCbNASSDOCd2017-12-20eOPhPt.1i2017-12-06l0o954.04092 NEN-Pp49520r2024-04-06 00:00:00w2019-04-18yBK 00104070aNASSDOCbNASSDOCd2017-12-20eOPhPt.2i2017-12-06l0o954.04092 NEN-Pp49521r2024-04-06 00:00:00w2019-04-18yBK 00104070aNASSDOCbNASSDOCd2017-12-20eOPhPt.3i2017-12-06l0o954.04092 NEN-Pp49522r2019-04-18 00:00:00w2019-04-18yBK 00104070aNASSDOCbNASSDOCd2017-12-20eOPhPt.4i2017-12-06l0o954.04092 NEN-Pp49523r2019-04-18 00:00:00w2019-04-18yBK 00104070aNASSDOCbNASSDOCd2017-12-20eOPhPt.5i2017-12-06l0o954.04092 NEN-Pp49524r2024-04-06 00:00:00w2019-04-18yBK 00104070aNASSDOCbNASSDOCd2017-12-20eOPhPt.6i2017-12-06l0o954.04092 NEN-Pp49525r2019-04-18 00:00:00w2019-04-18yBK 00104070aNASSDOCbNASSDOCd2017-12-20eOPhPt.7i2017-12-06l0o954.04092 NEN-Pp49526r2019-04-18 00:00:00w2019-04-18yBK